书目信息 |
| 题名: |
花·骨头·泥砖屋
|
|
| 作者: | 成寒 著 | |
| 分册: | ||
| 出版信息: | 广州 花城出版社 2007.01 |
|
| 页数: | 193页 | |
| 开本: | 21cm | |
| 丛书名: | 成寒品味 | |
| 单 册: | ||
| 中图分类: | K837.125.72 | |
| 科图分类: | ||
| 主题词: | ||
| 电子资源: | ||
| ISBN: | 9787536049130 | |
| 000 | 00935nam 2200277 450 | |
| 001 | 012007452572 | |
| 005 | 20070622163804.88 | |
| 010 | @a9787536049130@dCNY36.00 | |
| 100 | @a20070416d2007 km y0chiy0120 ea | |
| 101 | 0 | @achi |
| 102 | @aCN@b440000 | |
| 105 | @aa z 000yb | |
| 200 | 1 | @a花·骨头·泥砖屋@Ahua·gu tou·ni zhuan wu@e走近欧姬芙@f成寒著@Fcheng han zhu |
| 210 | @a广州@c花城出版社@d2007.01 | |
| 215 | @a193页@c图@d21cm | |
| 225 | 2 | @a成寒品味@Acheng han pin wei |
| 312 | @a英文并列题名取自封面 | |
| 330 | @a本书用了百余张图片,图文编排相互辉映,收藏的精致文本,试图揭开这位美国20世纪最具盛名的女画家欧姬芙的神秘面纱。 | |
| 410 | 0 | @12001 @a成寒品味 |
| 510 | 1 | @aFlower-bone-marlhouse@zeng |
| 517 | 1 | @a走近欧姬芙@Azou jin ou ji fu |
| 600 | 0 | @a欧姬芙,@Aou ji fu@f1887-1986@x传记 |
| 690 | @aK837.125.72@v4 | |
| 701 | 0 | @a成寒@Acheng han@4著 |
| 801 | 0 | @aCN@c20070622 |
| 905 | @a10447@dK837.125.72@eC718 | |
| 花·骨头·泥砖屋:走近欧姬芙/成寒著.-广州:花城出版社,2007.01 |
| 193页:图;21cm.-(成寒品味) |
| ISBN 9787536049130:CNY36.00 |
| 本书用了百余张图片,图文编排相互辉映,收藏的精致文本,试图揭开这位美国20世纪最具盛名的女画家欧姬芙的神秘面纱。 |
| ● |
| 相关链接 |
|
|
|
正题名:花·骨头·泥砖屋
索取号:K837.125.72/C718
 
预约/预借
| 序号 | 登录号 | 条形码 | 馆藏地/架位号 | 状态 | 备注 |
| 1 | 241129 | 202411292 | 社科库309/309社科库 4排4列5层/ [索取号:K837.125.72/C718] | 在馆 | |
| 2 | 241130 | 202411309 | 社科库309/309社科库 4排4列5层/ [索取号:K837.125.72/C718] | 在馆 | |
| 3 | 241131 | 202411318 | 社科库309/309社科库 4排4列5层/ [索取号:K837.125.72/C718] | 在馆 |